000 002970000a22001330004500
003 MACL
040 _aMACL
090 _c33344
_d33342
100 _aYoung, Trevor L.
245 _aProject Manager
260 _bThe Industrial Sociaty
_c1998
650 _aGeneral management
942 _cBOOK
_k658/You
999 _c32994
_d32994